000 00746nam a2200253Ia 4500
003 OSt
005 20220918230852.0
006 a|||||r|||| 00| 0
007 ta
008 220917b |||||||| |||| 00| 0 eng d
020 _c170
024 _a261,083
037 _b395, 14/01/2012, Eastern Book Linkers
_cTextual
040 _aARTS
_cARTS
_beng
041 _2eng
_aeng
082 _aQ1:4, P9
100 _aBhagwat Bhagyashree
_9153429
245 0 _aKalpa vedanga
_b Origin and development
260 _aDelhi
_bRashtriya Sanskrit Samsthan India
_c2009
300 _a241p.
_ccm.
650 _aRELIGION
942 _hQ1:4, P9
_cTEXL
_2CC
999 _c289190
_d289190